00530 2200181 4500001002100000008004100021035002000062245010300082100004300185250000600228260004200234300001200276084001400288082000800302650001400310990001200324990001200336INLIS000000000000628 ind  a0010-0424000604 aKumpulan Soal dan Pembahasan Olimpiade Sains Kimia Jilid 3cLembaga Olimpiade Pendidikan Indonesia aLembaga Olimpiade Pendidikan Indonesia a1 aJakarta :bBina Prestasi Insanic2014 a146 hlm a540 LEM k a540 aNon Fiksi a0722444 a0722445